000 00886cam a22002531 4500
001 8338015
003 ARRUPE
005 20140207141004.0
008 760915s1945 enkc 000 0aeng
010 _a 45009267
035 _a(OCoLC)2432317
040 _aDLC
_cAzTeS
_dAzTeS
_dDLC
042 _apremarc
050 0 0 _aDA566.9.B45
_bA18
100 1 _aBerners, Gerald Hugh Tyrwhitt-Wilson,
_cBaron,
_d1883-1950.
_98549
245 1 2 _aA distant prospect,
_ba sequel to First childhood,
_cby Lord Berners, with a frontispiece by the author and three photographs.
260 _aLondon,
_bConstable
_c[1945]
300 _a125 p.
_bfront., 8 ports.
_c19 cm.
500 _a"First published 1945."
500 _aAutobiography.
600 1 0 _aBerners, Gerald Hugh Tyrwhitt-Wilson,
_cBaron,
_d1883-1950.
_98550
906 _a7
_bcbc
_coclcrpl
_du
_encip
_f19
_gy-gencatlg
942 _2lcc
_cMONOGRAPH
999 _c120013
_d120013